Galatasaray 1:0 Liverpool | Champions League 2025 - Statistics

General Stats
  • This quiz has been taken 69 times
  • The average score is 14 of 15
Answer Stats
Number Answer % Correct
34 Lucas Torreira
100%
9 Mauro Icardi
100%
53 Barış Alper Yılmaz
98%
4 Ismail Jakobs
98%
99 Mario Lemina
98%
1 Uğurcan Çakır
98%
42 Abdülkerim Bardakçı
96%
6 Davinson Sánchez
96%
45 Victor Osimhen
96%
11 Yunus Akgün
96%
20 İlkay Gündoğan
95%
90 Wilfried Singo
95%
7 Roland Sallai
93%
17 Eren Elmalı
91%
8 Gabriel Sara
91%
No matching quizzes found
Score Distribution
Percent of People with Each Score
Percentile by Number Answered
Your Score History
You have not taken this quiz